| 000 | 01191nam a22002177a 4500 | ||
|---|---|---|---|
| 999 |
_c62809 _d62809 |
||
| 003 | Ge_BSU | ||
| 005 | 20250226143506.0 | ||
| 008 | 250226s1960 ge ||||| |||| 00| 0 geo d | ||
| 041 | _ageo | ||
| 080 | _a616-07 მ-74 | ||
| 100 |
_aმიქელაძე, შ. _924418 |
||
| 245 |
_aშინაგან სნეულებათა პროპედევტიკა : _bკლინიკ. დიაგნოსტიკის და სემიოლოგიის კურსი : სახელმძღვ. სტუდენტთა და ექიმთათვის / _cშ. მიქელაძე, გ. დიდებულიძე ; ი. ცინცაძის რედ. |
||
| 250 | _aმე-3 შესწ. და შევს. გამოც. | ||
| 264 |
_aთბ. : _bცოდნა, _c1960. |
||
| 300 |
_a469 გვ. : _b ილ. ; _c27 სმ. |
||
| 653 | _aშინაგანი დაავადებები | ||
| 653 | _aმედიცინა | ||
| 700 |
_aდიდებულიძე, გ. _e ავტორი _924419 |
||
| 700 |
_aცინცაძე, ი. _eრედაქტორი _918922 |
||
| 942 |
_2udc _cᲬᲘᲒᲜᲘ |
||